<?xml version="1.0" encoding="UTF-8"?><?xml-stylesheet type="text/xsl" href="static/style.xsl"?><OAI-PMH xmlns="http://www.openarchives.org/OAI/2.0/" xmlns:xsi="http://www.w3.org/2001/XMLSchema-instance" xsi:schemaLocation="http://www.openarchives.org/OAI/2.0/ http://www.openarchives.org/OAI/2.0/OAI-PMH.xsd"><responseDate>2026-04-14T07:41:19Z</responseDate><request verb="GetRecord" identifier="oai:www.recercat.cat:2072/359776" metadataPrefix="marc">https://recercat.cat/oai/request</request><GetRecord><record><header><identifier>oai:recercat.cat:2072/359776</identifier><datestamp>2024-12-20T17:58:09Z</datestamp><setSpec>com_2072_300912</setSpec><setSpec>com_2072_4427</setSpec><setSpec>col_2072_301309</setSpec></header><metadata><record xmlns="http://www.loc.gov/MARC21/slim" xmlns:dcterms="http://purl.org/dc/terms/" xmlns:xsi="http://www.w3.org/2001/XMLSchema-instance" xmlns:doc="http://www.lyncode.com/xoai" xsi:schemaLocation="http://www.loc.gov/MARC21/slim http://www.loc.gov/standards/marcxml/schema/MARC21slim.xsd">
   <leader>00925njm 22002777a 4500</leader>
   <datafield ind2=" " ind1=" " tag="042">
      <subfield code="a">dc</subfield>
   </datafield>
   <datafield ind2=" " ind1=" " tag="720">
      <subfield code="a">Fiorio, Jhonatan Luiz</subfield>
      <subfield code="e">author</subfield>
   </datafield>
   <datafield ind2=" " ind1=" " tag="720">
      <subfield code="a">Vitalino Gonçalves, Renato</subfield>
      <subfield code="e">author</subfield>
   </datafield>
   <datafield ind2=" " ind1=" " tag="720">
      <subfield code="a">Teixeira-Neto, Erico</subfield>
      <subfield code="e">author</subfield>
   </datafield>
   <datafield ind2=" " ind1=" " tag="720">
      <subfield code="a">Ortuño, Manuel A.</subfield>
      <subfield code="e">author</subfield>
   </datafield>
   <datafield ind2=" " ind1=" " tag="720">
      <subfield code="a">López, Núria</subfield>
      <subfield code="e">author</subfield>
   </datafield>
   <datafield ind2=" " ind1=" " tag="720">
      <subfield code="a">Rossi, Liane Marcia</subfield>
      <subfield code="e">author</subfield>
   </datafield>
   <datafield ind2=" " ind1=" " tag="260">
      <subfield code="c">2018-03-15</subfield>
   </datafield>
   <datafield ind2=" " ind1=" " tag="520">
      <subfield code="a">Pyrolysis of Au(OAc)3 in the presence of 1,10-
phenanthroline over TiO2 furnishes a highly active and selective Au
nanoparticle (NP) catalyst embedded in a nitrogen-doped carbon
support, Au@N-doped carbon/TiO2 catalyst. Parameters such as
pyrolysis temperature, type of support, and nitrogen ligands as well
as Au/ligand molar ratios were systematically investigated. Highly
selective hydrogenation of numerous structurally diverse alkynes
proceeded in moderate to excellent yield under mild conditions.
The high selectivity toward the industrially important alkene
substrates, functional group tolerance, and the high recyclability
makes the catalytic system unique. Both high activity and selectivity
are correlated with a frustrated Lewis pairs interface formed by the
combination of gold and nitrogen atoms of N-doped carbon that,
according to density functional theory calculations, can serve as a basic site to promote the heterolytic activation of H2 under very
mild conditions. This “fully heterogeneous” and recyclable gold catalyst makes the selective hydrogenation process
environmentally and economically attractive.</subfield>
   </datafield>
   <datafield ind1="8" ind2=" " tag="024">
      <subfield code="a">http://hdl.handle.net/2072/359776</subfield>
   </datafield>
   <datafield ind1="8" ind2=" " tag="024">
      <subfield code="a">https://doi.org/10.1021/acscatal.8b00806</subfield>
   </datafield>
   <datafield ind2="0" ind1="0" tag="245">
      <subfield code="a">Accessing Frustrated Lewis Pair Chemistry through Robust Gold@NDoped Carbon for Selective Hydrogenation of Alkynes</subfield>
   </datafield>
</record></metadata></record></GetRecord></OAI-PMH>